Святое семейство, или Критика критической критики. Против Бруно Бауэра и компании

Библиографические подробности
Главный автор: Маркс К. Карл
Автор-организация: Институт марксизма-ленинизма (ИМЛ)
Другие авторы: Энгельс Ф. Фридрих
Язык:русский
Опубликовано: Москва, Госполитиздат, 1956
Предметы:
Формат: MixedMaterials Книга
Запись в KOHA:https://koha.lib.tpu.ru/cgi-bin/koha/opac-detail.pl?biblionumber=351393

MARC

LEADER 00000nam0a2200000 4500
001 351393
005 20231102010411.0
035 |a (RuTPU)RU\TPU\retro\6425 
090 |a 351393 
100 |a 20190604d1956 k y0rusy50 ca 
101 0 |a rus 
102 |a RU 
105 |a y z 001zy 
200 1 |a Святое семейство, или Критика критической критики. Против Бруно Бауэра и компании  |f К. Маркс, Ф. Энгельс  |g Институт марксизма-ленинизма (ИМЛ) 
210 |a Москва  |c Госполитиздат  |d 1956 
215 |a 239 с. 
320 |a Библиогр. в примеч.: с. 220-229 
320 |a Указ. имен: с. 230-236 
606 1 |a Маркс К. Энгельс Ф.  |x Отдельные произведения  |2 stltpush  |3 (RuTPU)RU\TPU\subj\39691  |9 59652 
610 1 |a семейство 
610 1 |a критика 
610 1 |a материалисты 
610 1 |a исторический материализм 
610 1 |a диалектический материализм 
610 1 |a массы 
610 1 |a народ 
686 |a Ю3(0)6-602.126  |v LBC/SL-A  |2 rubbk 
700 1 |a Маркс  |b К.  |c немецкий мыслитель  |c общественный деятель  |c основоположник марксизма  |f 1818-1883  |g Карл  |2 stltpush  |3 (RuTPU)RU\TPU\pers\297  |9 147 
701 1 |a Энгельс  |b Ф.  |c немецкий мыслитель и общественный деятель  |c один из основоположников марксизма  |f 1820-1895  |g Фридрих  |2 stltpush  |3 (RuTPU)RU\TPU\pers\530  |9 250 
712 0 2 |a Институт марксизма-ленинизма (ИМЛ)  |c (Москва)  |c (1956-1991)  |2 stltpush  |3 (RuTPU)RU\TPU\col\4702 
801 1 |a RU  |b 63413507  |c 20190604 
801 2 |a RU  |b 63413507  |c 20190703  |g RCR 
942 |c BK